000 00696nam a2200289Ia 4500
005 20260324133025.0
008 008 260324s9999 xx 000 0 eng d
020 _a9780203338735
037 _aEBOOK
040 _aCRL
040 _beng
040 _cCRL
041 _2eng
041 _aeng
084 _qCRL
100 _aJenny Edkins; Veronique Pin-Fat; Michael J. Shapiro
_91191511
245 0 _aSovereign Lives
245 0 _bPower in Global Politics
260 _bTaylor and Francis
260 _c2004
365 _a
365 _b290
856 _uhttp://www.taylorfrancis.com/books/9780203338735
942 _cEBOOK
999 _c1790165
_d1790165